Normal view
MARC view
- Supervisor : Dr . Khawar Khurshid
Entry Personal Name
001 - CONTROL NUMBER
- control field: 91908
003 - CONTROL NUMBER IDENTIFIER
- control field: NUST
005 - DATE AND TIME OF LATEST TRANSACTION
- control field: 20220527121209.0
008 - FIXED-LENGTH DATA ELEMENTS
- fixed length control field: 220527|| aca||aabn | a|a d
040 ## - CATALOGING SOURCE
- Original cataloging agency: NUST
- Transcribing agency: NUST
100 ## - HEADING--PERSONAL NAME
- Personal name: Supervisor : Dr . Khawar Khurshid
670 ## - SOURCE DATA FOUND
- Source citation: Work cat.: (NUST): Burhan Ahmad Mudassar,Haris Khawar,Haris Sami,Warda Mushtaq 91907, Multi-Touch Interactive Table Top , 2012
